|
|
|
|
| LEADER |
00000csc a2200000 a 4500 |
| 001 |
21113-2 |
| 005 |
20230724152154.0 |
| 008 |
989112|1988 ||||||||r|||||||||||spa|| |
| 020 |
|
|
|a 8476152558
|
| 040 |
|
|
|b spa
|
| 041 |
1 |
|
|a spa
|
| 082 |
0 |
|
|a 616.21
|
| 245 |
|
|
|a Oido
|c Blengio, José Rafaél traductor
|h imp
|n tomo 2
|p primera parte
|
| 264 |
|
|
|a Madrid
|b Interamericana
|c 1988
|
| 300 |
|
|
|a vii, páginas: 231-408
|b ilu
|c 22 cm
|
| 310 |
|
|
|a Trimestral
|
| 504 |
|
|
|a incl. ref.
|
| 650 |
|
|
|a Otorrinolaringologia
|9 4519
|
| 650 |
|
|
|a Diagnostico por imagen
|
| 650 |
|
4 |
|a Oído
|9 17280
|
| 650 |
|
|
|a Tomografía computarizada
|
| 650 |
|
|
|a Inflamaciones intracraneales otógenas
|9 298874
|
| 650 |
|
|
|a Colesteatoma
|9 296757
|
| 650 |
|
|
|a Hallazgos transoperatorios
|9 298875
|
| 650 |
|
|
|a Traumatismos del hueso temporal
|9 298876
|
| 650 |
|
|
|a Malformaciones congénitas del oído
|9 298877
|
| 650 |
|
|
|a Tumores del ángulo pontocerebeloso
|9 298878
|
| 650 |
|
|
|a Nervio auditivo
|9 298879
|
| 650 |
|
|
|a Nervio vestibular
|9 298880
|
| 700 |
|
|
|a Blengio, José Rafaél
|e traductor
|9 269433
|
| 773 |
|
|
|t Diagnóstico por imagen en otorrinolaringología
|
| 852 |
|
|
|a UC-SALUD
|c ESTANTERIA ABIERTA
|f Compra
|k teresa.bermeoh
|l 1
|m General
|p 19891122
|q 13.200
|t 21113-2
|v med
|w Medicina
|b 0
|d CDRS
|e CDRS
|g 616.21 ESTANTERIA ABIERTA
|z 1989-91-12
|
| 942 |
|
|
|
| 999 |
|
|
|c 128861
|d 128861
|